[Event "London Mindsports Blitz"]
[Site "London"]
[Date "2022.09.11"]
[Round "6.4"]
[White "Larski, Stanislav"]
[Black "Abasolo, Silverio"]
[Result "0-1"]
[WhiteElo "2111"]
[BlackElo "2283"]
[PlyCount "41"]
[EventDate "2022.09.11"]
[EventType "swiss (blitz)"]
[EventRounds "9"]
[EventCountry "ENG"]
[SourceTitle "CBM 210 Extra"]
[Source "ChessBase"]
[SourceDate "2022.11.30"]
[SourceVersion "1"]
[SourceVersionDate "2022.11.30"]
[SourceQuality "1"]

1. e4 d6 2. d4 Nf6 3. Nc3 g6 4. f4 Bg7 5. Nf3 c5 6. dxc5 Qa5 7. Bb5+ Bd7 8. Bxd7+ Nbxd7 9. 0-0 Qxc5+ 10. Kh1 0-0 11. Qe1 a6 12. Be3 Qh5 13. Bg1 Rac8 14. e5 dxe5 15. fxe5 Ng4 16. e6 Nde5 17. Rd1 fxe6 18. Qe4 b5 19. a4 Rc4 20. Qb7 Rcf4 21. Qxe7 0-1

[Event "London Mindsports Blitz"]
[Site "London"]
[Date "2022.09.11"]
[Round "2.3"]
[White "Larski, Stanislav"]
[Black "Badacsonyi, Frankie"]
[Result "1-0"]
[WhiteElo "2111"]
[BlackElo "1770"]
[PlyCount "131"]
[EventDate "2022.09.11"]
[EventType "swiss (blitz)"]
[EventRounds "9"]
[EventCountry "ENG"]
[SourceTitle "CBM 210 Extra"]
[Source "ChessBase"]
[SourceDate "2022.11.30"]
[SourceVersion "1"]
[SourceVersionDate "2022.11.30"]
[SourceQuality "1"]

1. d4 Nf6 2. Nf3 g6 3. Bf4 Bg7 4. h3 0-0 5. e3 d6 6. Be2 Bf5 7. 0-0 Nc6 8. c3 Re8 9. Bh2 e5 10. a4 exd4 11. cxd4 a5 12. Nc3 Ne4 13. Nd2 Nxd2 14. Qxd2 Qg5 15. Bf4 Qh4 16. Bf3 h6 17. Rac1 Rab8 18. Nb5 Re7 19. Rc3 Rc8 20. Rfc1 Rd7 21. Bg3 Qe7 22. Bxc6 bxc6 23. Rxc6 Be4 24. R6c3 c5 25. Re1 Rb8 26. Rcc1 Bc6 27. Nc3 Qd8 28. Red1 cxd4 29. exd4 Rb4 30. Qe2 Rxd4 31. Rxd4 Bxd4 32. Rd1 Bc5 33. Qd2 Qe8 34. Qxh6 Re7 35. Qd2 Re6 36. Nd5 Bxd5 37. Qxd5 Re2 38. b3 Re1+ 39. Rxe1 Qxe1+ 40. Kh2 Bxf2 41. Bxf2 Qxf2 42. Qxd6 Qe1 43. Qg3 Qb4 44. Qe3 Kg7 45. Kg3 Qd6+ 46. Kf3 Qd5+ 47. Kf2 Qd6 48. Qc3+ Qf6+ 49. Qxf6+ Kxf6 50. Ke3 Ke5 51. Kd3 Kd5 52. Kc3 Kc5 53. g3 f5 54. h4 Kd5 55. b4 axb4+ 56. Kxb4 Ke4 57. a5 Kf3 58. a6 Kxg3 59. a7 Kxh4 60. a8Q f4 61. Qh1+ Kg4 62. Qg2+ Kf5 63. Kc4 g5 64. Kd4 g4 65. Qd5+ Kf6 66. Ke4 1-0

[Event "Hampstead Rated 3rd"]
[Site "Hampstead"]
[Date "1998.08.22"]
[Round "8"]
[White "Reinemer, Frank"]
[Black "Larski, Stanislav"]
[Result "0-1"]
[WhiteElo "2260"]
[BlackElo "2190"]
[PlyCount "66"]
[EventDate "1998.08.15"]
[EventType "swiss"]
[EventRounds "9"]
[EventCountry "ENG"]
[SourceTitle "EXT 1999"]
[Source "ChessBase"]
[SourceDate "1998.11.16"]
[SourceVersion "1"]
[SourceVersionDate "1998.11.16"]
[SourceQuality "1"]

1. d4 Nf6 2. c4 c5 3. d5 b5 4. cxb5 a6 5. Nc3 axb5 6. e4 b4 7. Nb5 d6 8. Bf4 g5 9. Bxg5 Nxe4 10. Bf4 Qa5 11. Bc4 Bg7 12. Qe2 b3+ 13. Kf1 Qxa2 14. Rxa2 bxa2 15. Bxa2 Rxa2 16. Nc7+ Kd8 17. Qxe4 Bf6 18. g3 Kxc7 19. Kg2 Rxb2 20. Nf3 Nd7 21. Rc1 h6 22. Kg1 Bb7 23. Qf5 Ra8 24. Ne1 Raa2 25. Nd3 Re2 26. Nxc5 Nxc5 27. Rxc5+ Kd8 28. Rb5 Ba6 29. Rb8+ Kc7 30. Qb1 Ra1 31. Be3 Re1+ 32. Qxe1 Rxe1+ 33. Kg2 Kxb8 0-1

[Event "Hampstead Rated 3rd"]
[Site "Hampstead"]
[Date "1998.08.20"]
[Round "6"]
[White "Shevelev, Ilya"]
[Black "Larski, Stanislav"]
[Result "1/2-1/2"]
[WhiteElo "1880"]
[BlackElo "2190"]
[PlyCount "81"]
[EventDate "1998.08.15"]
[EventType "swiss"]
[EventRounds "9"]
[EventCountry "ENG"]
[SourceTitle "EXT 1999"]
[Source "ChessBase"]
[SourceDate "1998.11.16"]
[SourceVersion "1"]
[SourceVersionDate "1998.11.16"]
[SourceQuality "1"]

1. e4 c5 2. Nc3 Nc6 3. f4 g6 4. Nf3 d6 5. Bb5 Bd7 6. d3 Bg7 7. 0-0 e6 8. Bxc6 Bxc6 9. f5 e5 10. Ng5 Nh6 11. g4 Qd7 12. f6 Bf8 13. h3 0-0-0 14. Nd5 Re8 15. Qf3 Ng8 16. Nxf7 Qxf7 17. c4 Bxd5 18. cxd5 g5 19. Bxg5 h5 20. Be3 hxg4 21. hxg4 Nxf6 22. Qxf6 Qxf6 23. Rxf6 Rh3 24. Kf2 Be7 25. Rf7 Bh4+ 26. Ke2 Rg8 27. Rg1 Rh2+ 28. Kf3 Rxb2 29. g5 Rg6 30. Kg4 Bxg5 31. Bxg5 Rxa2 32. Kf5 Rg8 33. Rf6 Ra6 34. Rh1 b5 35. Rh7 b4 36. Rff7 Rb6 37. Ke6 b3 38. Rh1 b2 39. Rb1 Rxg5 40. Rf8+ Kb7 41. Rf2 1/2-1/2